000 00318nam a2200121Ia 4500
008 180205s9999 xx 000 0 und d
020 _a9781119293378
100 _aWinter, Arthur
245 _aOrganic chemistry 1 for dummies /
250 _a2nd ed
260 _aNew jersey :
_bCanada
_c2014
300 _avii, 364 pages
999 _c354933
_d354933